| 000 | 00362nam a22001457a 4500 | ||
|---|---|---|---|
| 003 | SGT | ||
| 020 | _a9781119272830 | ||
| 082 |
_a617.6342 _bG18G |
||
| 100 | _aGoldstein, Ronald E. | ||
| 245 | _aGoldstein's Esthetics in Dentistry | ||
| 260 |
_bWiley Blackwell _c2018 |
||
| 300 | _aVol.1 : 1-666 Vol.2 : 667-1429 | ||
| 650 | _aEndodontics | ||
| 942 |
_2ddc _cBK |
||
| 999 |
_c26868 _d26868 |
||